000 00451nam a2200181Ia 4500
008 100917s9999 xx 000 0 und d
082 _b4117
100 _aटिपणीस गो. गो.
245 _aतुकाराम
260 _b---
300 _a299
365 _b0
520 _aकादंबरी
630 _aतुकाराम
650 _aकादंबरी
730 _aतुकाराम
942 _cBOOK
999 _c609511
_d609508